000 nam a22 7a 4500
999 _c168
_d168
005 20170425084823.0
008 170425b1991 my ||||| |||| 00| 0 eng d
020 _a6979933091
040 _aAKMAL
082 _a-
090 _a-
_b-
245 0 0 _aGetting it right :
_bglossary of terms for public executives.
260 _aKuala Lumpur :
_bNational Institute of Public Administration (INTAN),
_c1991.
300 _a165p.
_c22cm
650 _aPublic administration
_xTerminology.
_zMalaysia
_9409
710 2 _aInstitut Tadbiran Awam Negara.
_9410
942 _2ddc
_cBOOK